000 00465nam a2200157Ia 4500
999 _c18402
_d18402
003 OSt
005 20200606120057.0
008 190216s9999||||xx |||||||||||||| ||und||
040 _cMESKC library
082 _a891.433
_bANS/S
100 _aAnsal, Kusum
_9328
245 0 _aSresht Hindi Kahaniyan /
_cKusum Ansal
260 _bAbivyajana Publications,
_aNew Delhi:
_c1989
300 _a171p
942 _cBK
_2ddc
_h891.433
_iANS/S
_k891.433
_mANS/S